000
00238nam a2200097Ia 4500
005
20251222113742.0
008
251222s1900||||xx |||||||||||||| ||spa||
082
_a
DVD0010/F89/2001
245
0
_a
Día de entrenamiento :Training Day
942
_c
DVD
999
_c
649
_d
649